| 000 | 01010nam a2200253 i 4500 | ||
|---|---|---|---|
| 001 | 80039 | ||
| 003 | ES-MaACL | ||
| 005 | 20251004063127.0 | ||
| 007 | t| | ||
| 008 | 041026s1915 sp ||||1| spa d | ||
| 080 | _a34(363.62):34(460) | ||
| 100 | 1 |
_aHinojosa y Naveros, Eduardo de, _d1852-1919 _9125519 |
|
| 245 | 1 | 0 |
_aEl elemento germánico en el derecho español / _cpor Eduardo de Hinojosa. |
| 260 |
_aMadrid : _b[s.n.], _c1915 ( _fImp. Clásica Española) |
||
| 300 |
_a106 p. ; _c23 cm. |
||
| 530 | _aDisponible en formato digital. | ||
| 594 | _aPrecede al tít.: Junta para Ampliación de Estudios e Investigaciones Científicas. Centro de Estudios Históricos. | ||
| 650 | 7 |
_aDerecho- _zEspaña- _vFuentes _2 _9155630 |
|
| 650 | 7 |
_aDerecho visigodo _2embne _9155466 |
|
| 852 |
_aES-MaACL _jA-5190 _cSPREF _zRevisado enlace: 29 de julio de 2025 |
||
| 856 | 4 |
_uhttp://bdh-rd.bne.es/viewer.vm?id=0000069866&page=1 _y(Biblioteca Digital Hispánica) |
|
| 942 | _2udc | ||
| 999 |
_c80039 _d80039 |
||